Sports Quiz

Random Sports or NBA Quiz
Score 0/50 Timer 06:00
25 Plays Today
Hint Answer % Correct
PointsRussell Westbrook
97.9%
AssistsRussell Westbrook
97.8%
ReboundsRussell Westbrook
97.7%
PointsLeBron James
96.4%
AssistsLeBron James
96.2%
AssistsJames Harden
95%
PointsJames Harden
95%
PointsStephen Curry
94.8%
StealsStephen Curry
94.4%
BlocksKevin Durant
89.9%
PointsAnthony Davis
78.8%
ReboundsAnthony Davis
78.8%
BlocksAnthony Davis
78.7%
AssistsChris Paul
78.4%
StealsChris Paul
78.1%
PointsIsaiah Thomas
77.2%
PointsKawhi Leonard
76.6%
StealsKawhi Leonard
76.3%
StealsDraymond Green
73.1%
AssistsDraymond Green
73%
PointsDeMarcus Cousins
72.6%
ReboundsDeMarcus Cousins
72.4%
ReboundsDeAndre Jordan
70.8%
BlocksDeAndre Jordan
70.6%
AssistsJohn Wall
66.3%
Hint Answer % Correct
StealsJohn Wall
66.3%
ReboundsAndre Drummond
65.4%
BlocksRudy Gobert
64.3%
ReboundsRudy Gobert
64.3%
PointsDeMar DeRozan
64.1%
ReboundsHassan Whiteside
63.5%
BlocksHassan Whiteside
63.3%
PointsDamian Lillard
62.7%
BlocksGiannis Antetokounmpo
56.3%
ReboundsKevin Love
55.9%
ReboundsDwight Howard
52%
AssistsKyle Lowry
51.8%
StealsJimmy Butler
50.9%
ReboundsKarl-Anthony Towns
49.6%
BlocksKristaps Porzingis
37.7%
AssistsRicky Rubio
37.3%
StealsRicky Rubio
37%
BlocksBrook Lopez
31.2%
BlocksSerge Ibaka
26.9%
AssistsJeff Teague
22.4%
BlocksMyles Turner
20.2%
AssistsJrue Holiday
18.8%
StealsTrevor Ariza
14.7%
StealsRobert Covington
14.2%
StealsT.J. McConnell
9.3%
Remove Ads.
Support Sporcle.
Get the best of Sporcle when you Go Orange. This ad-free experience offers more features, more stats, and more fun while also helping to support Sporcle. Thank you for becoming a member.

You're not logged in!

Compare scores with friends on all Sporcle quizzes.
OR
Log In

Sporcle TV

Today on Sporcle TV


Watch our educational content, quiz creation guides, and fun videos on Sporcle TV.

Show Comments

Extras

Top Quizzes Today


Score Distribution

Paid Content

Your Account Isn't Verified!

In order to create a playlist on Sporcle, you need to verify the email address you used during registration. Go to your Sporcle Settings to finish the process.

Report this User

Report this user for behavior that violates our Community Guidelines.

Details: